Sports Quiz

Random Sports or NCAA Quiz

NCAA FBS Schools Quiz Stats

 Plays Quiz not verified by Sporcle

Score 0/120 Timer 15:00
0 Plays Today
% Correct
Texas
98.8%
Michigan
98.5%
Michigan State
98.5%
Florida
98.5%
North Carolina
98.1%
Oklahoma
98.1%
Washington
98.1%
Washington State
97.8%
Florida State
97.5%
Oklahoma State
97.5%
USC
97.5%
Georgia
97.5%
Virginia
97.2%
Texas A&M
97.2%
Ohio
97.2%
Oregon
97.2%
Oregon State
97.2%
UCLA
97.2%
Alabama
97.2%
Minnesota
96.9%
Arizona
96.9%
Arizona State
96.9%
Georgia Tech
96.6%
Miami
96.6%
Virginia Tech
96.6%
Texas Tech
96.6%
Ohio State
96.6%
California
96.6%
Kentucky
96.6%
Nebraska
96.3%
Indiana
96.3%
Kansas
96%
LSU
96%
South Carolina
96%
Tennessee
96%
Arkansas
95.7%
Colorado
95.4%
Kansas State
95.4%
Iowa
95.4%
Auburn
95.4%
% Correct
North Carolina State
94.7%
Penn State
94.7%
Mississippi
94.7%
Iowa State
94.1%
West Virginia
94.1%
Notre Dame
94.1%
Illinois
93.8%
Wisconsin
93.8%
Clemson
93.5%
Duke
93.5%
Maryland
93.5%
Purdue
93.5%
Stanford
93.5%
Boise State
93.2%
Mississippi State
92.9%
Navy
92.6%
Utah
92.3%
South Florida
92%
Northwestern
92%
Army
92%
Missouri
91.6%
Baylor
91.3%
Brigham Young
91.3%
Louisville
91%
Air Force
91%
TCU
91%
Western Michigan
90.7%
Boston College
90.4%
Connecticut
90.4%
Pittsburgh
90.4%
Syracuse
90.1%
Vanderbilt
90.1%
Rutgers
89.5%
Colorado State
89.2%
Hawaii
89.2%
Nevada
89.2%
Wake Forest
88.5%
New Mexico
88.5%
Idaho
87.9%
Central Michigan
87.3%
% Correct
Eastern Michigan
87.3%
UNLV
87%
New Mexico State
87%
Cincinnati
85.8%
Akron
85.8%
San Diego State
85.8%
Utah State
85.8%
Wyoming
85.4%
Memphis
85.1%
Houston
84.5%
Fresno State
83.9%
Toledo
83.6%
Buffalo
83.3%
Tulane
82.4%
Florida International
81.4%
Tulsa
81.1%
Southern Methodist
80.8%
UTEP
80.8%
Louisiana Lafayette
80.8%
Rice
80.5%
Louisiana Monroe
80.2%
UCF
79.9%
Temple
79.9%
Florida Atlantic
79.6%
San Jose State
79.6%
Southern Mississippi
79.3%
Arkansas State
79.3%
East Carolina
78.3%
Northern Illinois
78.3%
Bowling Green
78%
North Texas
77.7%
Marshall
76.8%
Louisiana Tech
76.8%
UAB
75.5%
Western Kentucky
75.5%
Ball State
74.9%
Middle Tennessee
73.7%
Kent State
72.4%
Troy
71.8%
Miami Ohio
71.5%

You're not logged in!

Compare scores with friends on all Sporcle quizzes.
OR
Log In

Show Comments

Extras

Created Oct 12, 2010ReportNominate
Tags:NCAA Quiz, 120, FBS, school

Top Quizzes Today


Score Distribution

Your Account Isn't Verified!

In order to create a playlist on Sporcle, you need to verify the email address you used during registration. Go to your Sporcle Settings to finish the process.

Report this User

Report this user for behavior that violates our Community Guidelines.

Details: